000 00241nam a2200109Ia 4500
008 190216s9999||||xx |||||||||||||| ||und||
100 _aAsees V A A
245 0 _aPretha Kathakal
260 _bNbs Kottayam
650 _aKathakal
942 _cBK
999 _c26143
_d26143